Statistiques concernant Concours Lépine ou non ? 2

Cliquez ici pour prendre le quiz!

Statistiques générales

  • Ce quiz a été pris 4 fois
  • Le résultat moyen est 18 sur 50

Statistiques - réponses

HintRéponse% Correct
Une machine pour mettre les chaussettes sans se baisserPas primé(e)
100%
Un antivol pour automobilesPas primé(e)
67%
Un support de téléphone à roulettesPas primé(e)
67%
L'avalanchophone, un appareil pour retrouver les personnes enseveliesPas primé(e)
67%
Une ceinture de chastetéPas primé(e)
67%
Un stylographe à l'encre sympathiquePas primé(e)
67%
Un enjoliveur de roue incassablePas primé(e)
67%
Une chemise qui change de couleur selon la météoPas primé(e)
67%
Une poupée qui chante, JeannettePas primé(e)
67%
Un chasse guêpesPas primé(e)
67%
Un pneumatique en bouteilles d'eau recycléesPas primé(e)
67%
Le reveilfacile, une machine pour réveiller agréablementPas primé(e)
67%
Un dénoyauteur automatique pour prunesPas primé(e)
67%
Un siège releveur pour toilettesPas primé(e)
67%
Un appareil à dialysePas primé(e)
67%
Un télévision solairePas primé(e)
33%
Un four encastrablePas primé(e)
33%
Une couveuse à air chaudPas primé(e)
33%
Un foie artificielPas primé(e)
33%
Le stéthoscopePas primé(e)
33%
Une baignoire pour chevauxPas primé(e)
33%
Des verres progressifs pour presbytesPas primé(e)
33%
Un phonographe à double pavillonPas primé(e)
33%
Un dispositif de contrôle de la qualité de l'orPas primé(e)
33%
Un tambour de machine à laver anti-tartrePas primé(e)
33%
Une tente pour les pays équatoriauxPas primé(e)
33%
Le MonopolyPas primé(e)
33%
Un test instantané d'eau potablePas primé(e)
33%
Une perruque indécoiffablePas primé(e)
33%
Une canne lumineusePrimé(e)
33%
Un poumon d'acierPrimé(e)
33%
Un appareil à transfusionPrimé(e)
33%
Une tente pour expédition polairePrimé(e)
33%
Un siège pour baignoire fonctionnant à pression d'eauPrimé(e)
33%
Des lentilles de contactPrimé(e)
33%
Une couveuse électrique modulablePrimé(e)
33%
Un phonographe à chargeur de disquesPrimé(e)
33%
Un dispositif de contrôle des billets de banquePrimé(e)
33%
Un stylographe détacheur d'encrePrimé(e)
33%
Le jeu des 1000 bornes
Primé(e)
0%
L'orbiphone, un appareil pour retrouver les personnes enseveliesPrimé(e)
0%
Un effaroucheur de pigeonsPrimé(e)
0%
Une machine pour enlever les bas sans se baisserPrimé(e)
0%
Un dispositif magnétique anti-tartrePrimé(e)
0%
Un support de téléphone articuléPrimé(e)
0%
Un antivol pour tableauxPrimé(e)
0%
Une poupée qui marche, LouisettePrimé(e)
0%
Une ceinture antivolPrimé(e)
0%
Un four portatif et économique, le GoloPrimé(e)
0%
Un rideau qui fonce au soleilPrimé(e)
0%

Distribution des résultats

Percentile par nombre de réponses

% des personnes avec chaque résultat

Votre développement - résultats

Vous n’avez pas pris ce quiz